|
|
|
|
| LEADER |
01035cas a2200205 a 4500 |
| 001 |
AALejournalOSO000079 |
| 008 |
230101c9999 xx r poo 0 0eng d |
| 022 |
|
|
|a 1752-1378
|
| 022 |
|
|
|a 1752-1386
|
| 040 |
|
|
|a BD-DhAAL
|c BD-DhAAL
|
| 245 |
0 |
0 |
|h [electronic resource]
|a Cambridge Journal of Regions, Economy and Society
|
| 260 |
|
|
|b Cambridge Political Economy Society
|
| 300 |
|
|
|a 1 online resource
|
| 500 |
|
|
|a <strong>Off-Campus Access:</strong> Athens ID and Password Required
|
| 500 |
|
|
|a <strong>On-Campus Access:</strong> No User ID or Password Required
|
| 506 |
|
|
|a Electronic access restricted to authorized BRAC University faculty, staff and students
|
| 538 |
|
|
|a Mode of access: Internet
|
| 650 |
|
4 |
|a Economic Geography,Urban, Rural, and Regional Economics,Economic Development and Growth,Political Economy
|
| 856 |
4 |
0 |
|z Full text available on Oxford Academic
|u https://academic.oup.com/cjres/issue
|
| 856 |
4 |
0 |
|z Off-campus access
|u https://go.openathens.net/redirector/bracu.ac.bd?url=https%3A%2F%2Facademic.oup.com%2Fcjres%2Fissue
|